Online
Catalog

Tarás bulba / (Record no. 22701)

MARC details
000 -CABECERA
campo de control de longitud fija 00841nam a2200253 a 4500
001 - NÚMERO DE CONTROL
campo de control 000023204
005 - FECHA Y HORA DE LA ÚLTIMA TRANSACCIÓN
campo de control 20200930022045.0
008 - DATOS DE LONGITUD FIJA--INFORMACIÓN GENERAL
campo de control de longitud fija 101130s1972 sp r 000 0 spa d
040 ## - FUENTE DE LA CATALOGACIÓN
Centro catalogador/agencia de origen DO-SdBNP
Lengua de catalogación spa
Centro/agencia transcriptor BNPHU
082 ## - NÚMERO DE LA CLASIFICACIÓN DECIMAL DEWEY
Número de clasificación 891.73
Número de documento/Ítem G613t
049 ## - FONDOS LOCALES (OCLC)
Fondos de biblioteca BNGR
100 1# - ENTRADA PRINCIPAL--NOMBRE DE PERSONA
Nombre de persona Gogol, Kikolai
9 (RLIN) 47767
245 10 - MENCIÓN DE TÍTULO
Título Tarás bulba /
Mención de responsabilidad, etc. Nikolai Gogol ; traducción Silvano Imaz , J. M. Rodríguez Méndez.
260 ## - PUBLICACIÓN, DISTRIBUCIÓN, ETC.
Lugar de publicación, distribución, etc. Barcelona, España :
Nombre del editor, distribuidor, etc. CREDSA,
Fecha de publicación, distribución, etc. 1972.
300 ## - DESCRIPCIÓN FÍSICA
Extensión 466 p. ;
Dimensiones 18 cm.
490 1# - MENCIÓN DE SERIE
Mención de serie Gigantes de la literatura universal
500 ## - NOTA GENERAL
Nota general Incluye notas al pie de las páginas.
650 #4 - PUNTO DE ACCESO ADICIONAL DE MATERIA--TÉRMINO DE MATERIA
Término de materia o nombre geográfico como elemento de entrada Novela rusa
9 (RLIN) 4742
650 #4 - PUNTO DE ACCESO ADICIONAL DE MATERIA--TÉRMINO DE MATERIA
Término de materia o nombre geográfico como elemento de entrada Literatura rusa
9 (RLIN) 4743
700 1# - PUNTO DE ACCESO ADICIONAL--NOMBRE DE PERSONA
Nombre de persona Imaz, Silvano,
Término indicativo de función/relación tr.
9 (RLIN) 47768
700 1# - PUNTO DE ACCESO ADICIONAL--NOMBRE DE PERSONA
Nombre de persona Rodríguez Méndez, J. M.,
Término indicativo de función/relación tr.
9 (RLIN) 47769
740 4# - PUNTO DE ACCESO ADICIONAL--TÍTULO RELACIONADO O ANALÍTICO NO CONTROLADO
Título relacionado o analítico no controlado Las almas muertas
830 #0 - PUNTO DE ACCESO ADICIONAL DE SERIE-TÍTULO UNIFORME
Título uniforme Gigantes de la literatura universal
9 (RLIN) 47770
Holdings
Estado de retiro Estado de pérdida Restricciones de uso No para préstamo Código de colección Localización permanente Ubicación/localización actual Ubicación en estantería Fecha de adquisición Número de inventario Total de préstamos Signatura topográfica completa Código de barras Fecha visto por última vez Precio válido a partir de Tipo de ítem Koha
        Monografías: Libros y Folletos General General En catalogación 30.11.2010 LF1   891.73 G613t 23204-10 25.06.2020 25.06.2020 Préstamo en sala

Powered by Koha